Catálogo
 En Linea

La conquista del aire. / (Registro nro. 42850)

Detalles MARC
000 -CABECERA
campo de control de longitud fija 00578nam a2200181 a 4500
001 - NÚMERO DE CONTROL
campo de control 000043361
005 - FECHA Y HORA DE LA ÚLTIMA TRANSACCIÓN
campo de control 20201002040839.0
008 - DATOS DE LONGITUD FIJA--INFORMACIÓN GENERAL
campo de control de longitud fija 140311s1998 sp 000 0 spa d
020 ## - NÚMERO INTERNACIONAL ESTÁNDAR DEL LIBRO
Número Internacional Estándar del Libro 8433910728
040 ## - FUENTE DE LA CATALOGACIÓN
Centro catalogador/agencia de origen DO-SdBNP
Lengua de catalogación spa
Centro/agencia transcriptor BNPHU
100 1# - ENTRADA PRINCIPAL--NOMBRE DE PERSONA
Nombre de persona Gopegui, Belén
9 (RLIN) 71017
245 13 - MENCIÓN DE TÍTULO
Título La conquista del aire. /
Mención de responsabilidad, etc. Belén Gopegui.
260 ## - PUBLICACIÓN, DISTRIBUCIÓN, ETC.
Lugar de publicación, distribución, etc. Barcelona, :
Nombre del editor, distribuidor, etc. Anagrama,
Fecha de publicación, distribución, etc. 1998.
300 ## - DESCRIPCIÓN FÍSICA
Extensión 341 p. ;
Dimensiones 22 cm.
490 1# - MENCIÓN DE SERIE
Mención de serie Narrativas hispánicas
Designación de volumen o secuencia 242
500 ## - NOTA GENERAL
Nota general Incluye datos biografícos de la autora en la solapa de la portada
830 #0 - PUNTO DE ACCESO ADICIONAL DE SERIE-TÍTULO UNIFORME
Título uniforme Narrativas hispánicas
Número de parte o sección de la obra 242
9 (RLIN) 71018
Existencias
Estado de retiro Estado de pérdida Restricciones de uso No para préstamo Código de colección Localización permanente Ubicación/localización actual Ubicación en estantería Fecha de adquisición Número de inventario Total de préstamos Signatura topográfica completa Código de barras Fecha visto por última vez Precio válido a partir de Tipo de ítem Koha
      Excluido de préstamo Monografías: Libros y Folletos General General En catalogación 11.03.2014 LF1   43361-10 25.06.2020 25.06.2020 No se presta

Con tecnología Koha